| 000 | 01202cam a2200253 4500 | ||
|---|---|---|---|
| 008 | 090401t1989 xxu||||| |||| 00| 0 eng d | ||
| 020 | _a0854064338 | ||
| 035 | _a(Sirsi) u49433 | ||
| 041 | _aeng | ||
| 050 |
_a658.404 _c18 |
||
| 090 | _aRICS 1989/44 ABCD | ||
| 110 |
_aProject Management Diploma Association _9771 |
||
| 245 |
_aProject management agreement and conditions of engagement _bguidance note for use in conjuction with the memorandum of agreement between client and project manager and conditions of engagement |
||
| 260 |
_aLondon _bSurveyors Publications _c1989 |
||
| 300 |
_a8p. _c30cm. |
||
| 350 | _a3.45 | ||
| 490 | _aRICS Guidance Note | ||
| 520 | _aTo be read in conjunction with "Project management agreement and conditions of engagement" (ISBN 085406432X). | ||
| 520 | _aSuperseded by second edition "Project management agreement and conditions of engagement : guidance note for use in conjunction with the memorandum of agreement between client and project manager and conditions of engagement dated May 1992" (ISBN 0854065318). | ||
| 690 |
_aProject management _96261 |
||
| 710 |
_aRoyal Institution of Chartered Surveyors _94900 |
||
| 942 | _n0 | ||
| 948 | _c04/03/1997 | ||
| 999 |
_c92562 _d92562 |
||